000 00299nam a2200133Ia 4500
100 _aKumbhojkar/G.v
650 _aApplied mathematics
942 _cBK
245 _aApplied Mathematics III:Production
260 _bC.Jamnadas & Co.
_c2014
082 _a519
_bkUM
546 _aENGLISH
999 _c25804
_d25804